Iowa Pizza Ranch Locations (Map) - Statistics

General Stats
  • This quiz has been taken 31 times
  • The average score is 34 of 75
Answers on the Map
Answers color-coded by a green-red scale on the quiz's map according to % correct below.
 
Answer Stats
Location/City % Correct
Sioux City
89%
Ames
86%
Iowa City
86%
Cedar Rapids
82%
Dubuque
79%
Mason City
79%
Cedar Falls
75%
Council Bluffs
75%
Ankeny
71%
Urbandale
71%
Burlington
68%
Burlington
68%
Burlington
68%
Marshalltown
68%
Bettendorf
64%
Decorah
64%
Fort Dodge
64%
Marion
64%
Pella
64%
Waverly
64%
Altoona
61%
Boone
61%
Indianola
61%
Newton
61%
Clinton
57%
Grinnell
57%
Muscatine
57%
Ottumwa
57%
Independence
54%
Oskaloosa
54%
Waukee
54%
Carroll
50%
Iowa Falls
50%
North Liberty
50%
North Liberty
50%
Washington
50%
Fairfield
46%
Sioux Center
46%
Spencer
46%
Storm Lake
46%
Algona
43%
Charles City
43%
Mount Pleasant
43%
Spirit Lake
43%
Story City
43%
Manchester
39%
Winterset
39%
Atlantic
36%
Creston
36%
Denison
36%
Le Mars
36%
Red Oak
36%
Harlan
32%
Oelwein
32%
Orange City
32%
Vinton
32%
Eldora
25%
Emmetsburg
25%
Monticello
25%
Rock Rapids
25%
Sheldon
25%
Sigourney
25%
Garner
21%
Hull
21%
Pocahontas
18%
Sergeant Bluff
18%
George
14%
Missouri Valley
14%
Clarion
11%
Rock Valley
11%
Hawarden
7%
Primghar
7%
Sibley
7%
Oelwin
4%
AckleyA
0%
No matching quizzes found
Score Distribution
Percent of People with Each Score
Percentile by Number Answered
Your Score History
You have not taken this quiz